000 00574nam a22001932 4500
001 0000001759
005 20170406113710.0
008 140130s xx 000 0 eng d
020 _c$
040 _aYour Holding Symbol
_cYour Holding Symbol
100 1 _aLester,Mrriis.Katherine.
245 1 0 _aHistoric consune :
_ba resume of style and fashion from remote times to the nineteen sixties.
250 _a5th ed.
260 _aPeoria :
_bChas A.Bennet,
_c1961.
300 _a288 p. ;
_c cm.
504 _aindex.
650 0 _acustomes.
908 _a140130
999 _c1670
_d1670